000 00960cam a22002894a 4500
008 100119s2007 njua b 001 0 eng
020 _a0536318220
040 _aDLC
_cDLC
_dDLC
_dEG-GiCUC
050 0 0 _aLB1025.3
_b.H46 2007
082 0 0 _a371.102
_222
092 0 4 _a371.102
_bH516 2007
_221
099 _a04
_a371.102 H516 2007
100 1 _aHenniger, Michael L.
245 1 4 _aThe teaching experience :
_ban introduction to reflective practice /
_cMichael L. Henniger.
250 _a2nd ed
260 _aUpper Saddle River, N.J. :
_bPearson/Cutom Publishing,
_cc2007.
300 _axvi, 463 p. :
_bill. ;
_c26 cm.
504 _aIncludes bibliographical references and indexes.
650 0 _aReflection (Philosophy)
650 0 _aTeacher effectiveness.
650 0 _aTeaching.
902 _a1
905 _aEman
_eRev.
905 _aJamal
_eCat.
942 _2ddc
_cBK
999 _c117091
_d117091